000 00484nam a2200169Ia 4500
999 _c11524
_d11524
003 OSt
005 20191227123357.0
008 190216s9999||||xx |||||||||||||| ||und||
040 _coclc
082 _a330.09
_bVOH/H
100 _aVohra, Munish
_9841
245 0 _aHistory Of Economic Thought /
_c Munish Vohra
260 _bAnmol Publications,
_c2006.
_aNew Delhi:
300 _a476p
650 _aEconomics
942 _cBK
_2ddc
_h330.09
_iVOH/H
_k330.09
_mVOH/H